| 000 | 00590nam a2200241 a 4500 | ||
|---|---|---|---|
| 001 | nice12345678 | ||
| 003 | IN_TiNIC | ||
| 005 | 20260116011903.0 | ||
| 008 | 050524s1970 alia grp 000 0 urd | ||
| 020 |
_a _c12.5 |
||
| 082 | 0 | 0 |
_a922.97 _bQUR |
| 100 | _aQureshi, Akbar Husain | ||
| 245 | _aTalmihat-O-Isharat-E-Iqbal | ||
| 260 |
_aAligarh _bAnjuman Taraqqi-E-Urdu _c1970 |
||
| 300 | _a446p | ||
| 500 | _aincludes index and biblioraphy | ||
| 505 | 2 | _aIndex | |
| 650 | _aIqbal Muhammad | ||
| 700 | 1 | _aQureshi, Akbar Husain | |
| 902 | _bSRS | ||
| 942 | _cBK | ||
| 999 |
_c4718 _d4718 |
||